000 00385 a2200121 4500
001 ART_17809
005 20260410161700.0
008 260409a
245 1 0 _aInfluencia de estabilización de precios sobre la recaudación tributaria
100 1 _aStreb, Jorge M.
700 1 _aDomper, Jorge Horacio
773 0 _tEnsayos Económicos
_g- Nº 38 (oct. 1987)
_wREV620
999 _c15112
_d15112